00459nam a2200145 a 450000500170000000800410001702000180005805000270007624500590010326000490016230000100021144000350022150000160025665000410027220140412111304.0010328s19uu xx 00 eng d a962-00-1108-2 aTR(GS 420.7bGo63 1985 aGogo's adventures with english, bk.5 :bactivity book. aHong Kong :bLongman Asia Multimedia,c1995. a36 p. aGogo's Adventures with English aw/ VHS tape aEnglish languagexStudy and teaching